Score 0/20 Timer 03:00
0 Plays Today
Clue 3-Letter Word % Correct
Not goodBAD
96.5%
Where one might sleep or restBED
95.8%
A group of games played in a tennis matchSET
95.1%
A boy or young man, perhaps in ScotlandLAD
94.5%
• IATA code for Los Angeles International ••LAX•
94%
To allowLET
92.9%
A female deerDOE
92.4%
Energy efficient light sourceLED
91.9%
Author of 'The Raven'POE
87.6%
Electronic transmission of printed materialFAX
86.7%
Clue 3-Letter Word % Correct
Highest graduate degreePh.D
86.4%
Homer Simpson exclamationD'OH
85.8%
• IATA code for Phoenix Sky Harbor International ••PHX•
84.1%
Mammal belonging in the family CanidaeFOX
81.6%
Viral disease characterized by eruptionsPOX
80.2%
Movie quote: 'Open the ___ bay doors, Hal'POD
79.7%
• IATA code for Seattle-Tacoma International ••SEA•
78.5%
Proper name for a dash in Morse CodeDAH
49.2%
• IATA code for George Bush Intercontinental (Houston)••IAH•
38.2%
• IATA code for Washington Dulles International ••IAD•
36.7%

Today's Daily Dose

Remove Ads.
Support Sporcle.
Get the best of Sporcle when you Go Orange. This ad-free experience offers more features, more stats, and more fun while also helping to support Sporcle. Thank you for becoming a member.

You're not logged in!

Compare scores with friends on all Sporcle quizzes.
OR
Log In

Show Comments

Extras

Top Quizzes Today


Score Distribution

Your Account Isn't Verified!

In order to create a playlist on Sporcle, you need to verify the email address you used during registration. Go to your Sporcle Settings to finish the process.

Report this User

Report this user for behavior that violates our Community Guidelines.

Details: